000 00653nam a2200229Ia 4500
005 20260320201933.0
008 008 262003s9999 xx 000 0 eng d
037 _aEBOOK
040 _aCRL
040 _beng
040 _cCRL
041 _2eng
041 _aeng
084 _qCRL
100 _aJiang
245 0 _aPractical Cloud-Native Java Development with MicroProfile: Develop and deploy scalable, resilient, and reactive cloud-native applications using MicroProfile 4.1
260 _bIEEE
856 _uhttps://ieeexplore.ieee.org/servlet/opac?bknumber=10162597
942 _cEBOOK
999 _c1724379
_d1724379